Dorland's Pocket Medical Dictionary (Record no. 1873)

MARC details
000 -LEADER
Fixed length control field 00506nam a2200193 a 4500
003 - CONTROL NUMBER IDENTIFIER
Control field IIN
005 - DATE AND TIME OF LATEST TRANSACTION
Control field 20251201112825.0
008 - FIXED-LENGTH DATA ELEMENTS--GENERAL INFORMATION
Fixed length control field 250924s2023 xx ad d 000 0 eng d
020 ## - INTERNATIONAL STANDARD BOOK NUMBER / ISBN
Price Rs.624.00
International Standard Book Number 9788131256886
040 ## - CATALOGING SOURCE
Original cataloging agency IIN
Language of cataloging English
082 ## - DEWEY DECIMAL CLASSIFICATION NUMBER
Classification number 610.3
Book Number DOR
100 1# - MAIN ENTRY--PERSONAL NAME
Personal name Dorland
245 1# - TITLE STATEMENT
Title Dorland's Pocket Medical Dictionary
Statement of responsibility by Dorland
250 ## - EDITION STATEMENT
Edition statement 30th ed
260 ## - IMPRINT
Name of publisher Elsevier
Place of publication New Delhi
Date of publication 2023
300 ## - PHYSICAL DESCRIPTION
Page / Vol. No xxvii, 850 p.
Other physical details col. ill.
650 1# - SUBJECT ADDED ENTRY--TOPICAL TERM
Topical term Dictionary
Form subdivision Medical
942 ## - ADDED ENTRY ELEMENTS (KOHA)
Koha item type Reference Books
Holdings
Withdrawn status Lost status Source of classification Damaged status Use restrictions Not for loan Collection code Home library Current library Shelving location Date acquired Total Checkouts Call number Accession number Date last seen Price effective from Koha item type
    Dewey Decimal Classification   Restricted Access Not For Loan Purches Book IDEAL INSTITUTE OF NURSING IDEAL INSTITUTE OF NURSING Reference 18/03/2025   610.3 DOR 2133 24/09/2025 24/09/2025 Reference Books
© Ideal Institute Of Nursing, All rights reserved.         Powered by Koha